Bào chế và sinh dược học Tập 2

Trình bày về các dạng thuốc thuộc hệ phân tán dị thể, một vài dạng thuốc đặc biệt với hệ thống trị liệu, hình thức tương kị, cách khắc phục trong pha chế và kĩ thuật bào chế các dạng thuốc trên...

وصف كامل

محفوظ في:
التفاصيل البيبلوغرافية
المؤلف الرئيسي: Lê Quan Nghiệm (Chủ biên)
مؤلفون آخرون: Lê Văn Lăng, Lê Thị Thu Vân, Lê Hậu, Huỳnh Văn Hoá (Chủ biên)
التنسيق: كتاب
اللغة:Vietnamese
منشور في: H. Giáo dục 2011
الطبعة:Tái bản lần thứ ba có sửa chữa và bổ sung
الموضوعات:
الوسوم: إضافة وسم
لا توجد وسوم, كن أول من يضع وسما على هذه التسجيلة!
Thư viện lưu trữ: Thư viện Trường Đại học Nam Cần Thơ
LEADER 01768aam a22003018a 4500
001 NCT_9621
008 101130s2010 ||||||viesd
999 |c 474  |d 474 
020 |c 85000 
082 0 4 |2 23rd ed.  |a 615.1  |b B108/T.2 
100 1 |a Lê Quan Nghiệm  |e Chủ biên 
245 0 0 |a Bào chế và sinh dược học   |n Tập 2  |c Chủ biên: Lê Quan Nghiệm, Huỳnh Văn Hoá 
250 |a Tái bản lần thứ ba có sửa chữa và bổ sung 
260 |a H.  |b Giáo dục  |c 2011 
300 |a 386 tr.  |b Minh hoạ  |c 27cm 
500 |a ĐTTS ghi: Bộ Y tế 
520 3 |a Trình bày về các dạng thuốc thuộc hệ phân tán dị thể, một vài dạng thuốc đặc biệt với hệ thống trị liệu, hình thức tương kị, cách khắc phục trong pha chế và kĩ thuật bào chế các dạng thuốc trên 
653 |a Dược học 
655 |a Dược học 
700 1 |a Lê Văn Lăng 
700 1 |a Lê Thị Thu Vân 
700 1 |a Lê Hậu 
700 1 |a Huỳnh Văn Hoá  |e Chủ biên 
942 |2 ddc  |c BK 
952 |0 0  |1 0  |2 ddc  |4 0  |6 615_100000000000000_B108_T_2  |7 0  |9 3292  |a 000001  |b 000001  |d 2017-11-10  |l 17  |m 2  |o 615.1 B108/T.2  |p MD.04659  |r 2021-04-05  |s 2021-03-23  |v 85000.00  |w 2017-11-10  |y BK 
952 |0 0  |1 0  |2 ddc  |4 0  |6 615_100000000000000_B108_T_2  |7 0  |9 3294  |a 000001  |b 000001  |d 2017-11-10  |l 10  |m 1  |o 615.1 B108/T.2  |p MD.04661  |q 2019-08-29  |r 2019-08-15  |s 2019-08-15  |v 85000.00  |w 2017-11-10  |y BK 
952 |0 0  |1 0  |2 ddc  |4 0  |6 615_100000000000000_B108_T_2  |7 0  |9 3295  |a 000001  |b 000001  |d 2017-11-10  |l 1  |o 615.1 B108/T.2  |p MD.04662  |r 2018-04-06  |s 2018-04-06  |v 85000.00  |w 2017-11-10  |y BK 
980 |a Thư viện Trường Đại học Nam Cần Thơ